00409nam a2200133Ia 4500003000400000008004100004040001600045082001800061100002100079245009400100260005200194650001000246650001900256GCL140319s9999 xx 000 0 eng d aGCL / cGCL04aREFb912bP A1 aPETIT, CATHERINE10aATLAS STRATEGIQUE: GEOPOLITIQUE DES REPPORTS DE FARCES DANS LE MONDE / cPETIT, CATHERINE a[S.N] : bLIBRAIRE GENERALE FRANCAISE ، c198304aWORLD04aATLAS STRATEGY